Obálka Náhled e-knihy:
PDF Epub
Pro půjčování e-knih musíte být přihlášeni.
Jak si půjčit online?

Ajťácká detektivka : příběh, který tě vtáhne do světa informatiky /

Sofie se svým kamarádem Benem pátrají po skutečné příčině autonehody, při které zemřeli její rodiče. Detektivní příběh obsahuje odkazy na řadu výukových videí z oblasti informatiky.

Uloženo v:
Série:Ajťácká detektivka, část 1
Hlavní autor: Valenta, Jakub, 1994- (Autor)
Další autoři: Valentová Voráčová, Barbora, 1987- (Autor)
Médium: E-kniha
Jazyk:Czech
Vydáno: V Brně : Nastole, 2024
Vydání:1. vydání
Témata:
Příbuzné jednotky:Z cyklu:: Ajťácká detektivka
Tagy:
Žádné tagy
LEADER 02916nam a2200529 i 4500
001 312491
003 CZ PrSKC
005 20260601215723.0
007 ta
008 240926s2024 xr a c 000 j cze d
015 |a cnb003631475 
020 |a 9788074481482  |q (vázáno) :  |c Kč 299,00 
035 |a (OCoLC)1468022192 
040 |a BOG001  |b cze  |d ABG001  |d BOA001  |e rda 
072 7 |a 821.162.3-3  |x Česká próza  |2 Konspekt 
072 7 |a 821-93  |x Literatura pro děti a mládež (beletrie)  |2 Konspekt 
080 |a 821.162.3-32  |2 MRF 
080 |a 821-93  |2 MRF 
080 |a 007+004  |2 MRF 
080 |a (0:82-322.4)  |2 MRF 
100 1 |a Valenta, Jakub,  |d 1994-  |7 xx0323273  |4 aut 
245 1 0 |a Ajťácká detektivka :  |b příběh, který tě vtáhne do světa informatiky /  |c Jakub Valenta, Barbora Voráčová 
250 |a 1. vydání 
264 1 |a V Brně :  |b Nastole,  |c 2024 
300 |a 141 stran :  |b ilustrace ;  |c 20 cm 
336 |a text  |b txt  |2 rdacontent 
337 |a bez média  |b n  |2 rdamedia 
338 |a svazek  |b nc  |2 rdacarrier 
500 |a Terminologický slovník 
520 2 |a Sofie se svým kamarádem Benem pátrají po skutečné příčině autonehody, při které zemřeli její rodiče. Detektivní příběh obsahuje odkazy na řadu výukových videí z oblasti informatiky.  |b Dvanáctiletá Sofie sní o tom stát se hackerkou a proniknout do tajů informatiky. Na světě existuje pouze jeden člověk, který jí může pomoci sen splnit - její blízký kamarád Ben. Kniha kombinuje dobrodružný příběh s praktickou výukou informatiky. Každá kapitola tě zároveň naučí základům práce s počítačem. Díky speciálním kódům se dostaneš k videím, kterými tě provede lektor informatiky, a postupně si vyzkoušíš programování, tvorbu grafického designu a mnoho dalšího. Nakladatelská anotace. Kráceno. 
521 8 |a Pro čtenáře od 9 let 
650 0 7 |a informatika  |7 ph137095  |2 czenas 
650 0 9 |a informatics  |2 eczenas 
655 7 |a české příběhy  |7 fd133973  |2 czenas 
655 7 |a detektivní příběhy  |7 fd132009  |2 czenas 
655 7 |a publikace pro děti  |7 fd133156  |2 czenas 
655 9 |a Czech stories  |2 eczenas 
655 9 |a detective stories  |2 eczenas 
655 9 |a children's literature  |2 eczenas 
700 1 |a Valentová Voráčová, Barbora,  |d 1987-  |7 av20191056656  |4 aut 
787 0 8 |i Z cyklu:  |t Ajťácká detektivka  |g 1 
900 |a ABA001  |b 19 
928 9 |a Albatros Media - Nastole 
044 |a xr 
910 |a RBIT002 
998 |d 413938  |a https://core.palmknihy.cz/api/books/413938/cover?sj268g  |b https://core.palmknihy.cz/api/books/413938/cover/400?sj268g  |c https://core.palmknihy.cz/api/books/413938/cover/50?sj268g  |e 2034-12-31  |g 144  |i 9788074481482  |j https://core.palmknihy.cz/api/books/413938/preview.epub  |k https://core.palmknihy.cz/api/books/413938/preview.pdf  |l   |q 49  |r 1  |s https://www.palmknihy.cz/kniha/413938  |t ebook  |y 2024  |z 0 
999 |d 312489